Quiz voiture: Marques de 4x4 #3 - Statistiques

Statistiques générales
  • Ce quiz a été pris 123 fois
  • Le résultat moyen est 10 sur 16
Statistiques - réponses
Par images Réponse % Correct
Opel
97%
Porsche
96%
Mini
95%
Alfa Romeo
94%
Lexus
89%
Bentley
82%
Infiniti
74%
Subaru
74%
Chrysler
71%
Jaguar
71%
Lincoln
40%
Pontiac
39%
Buick
35%
Fiat
33%
Holden
16%
Daewoo
10%
Aucun quiz correspondant
Distribution des résultats
% des personnes avec chaque résultat
Percentile par nombre de réponses
Votre historique - résultats
Vous n’avez pas pris ce quiz